000 01033nam a22003737a 4500
005 20260227161458.0
008 170724b2014 xxu||||| |||| 00| 0 spa d
020 _a9788490850800
041 _aESP
082 _a364 S487r
100 _aSerrano Tárraga, María Dolores
_943501
245 _aEl rol de la criminología para la seguridad en la sociedad contemporánea
260 _aEspaña
260 _bDykinson
260 _c2014
300 _a468 páginas
490 _aInvestigación Criminal
650 _aCRIMINOLOGÍA
650 _aSEGURIDAD CIUDADANA
650 _aPOLÍTICA CRIMINAL
650 _aDERECHO PENAL
650 _aORÍGENES DE LA CRIMINOLOGÍA
650 _aCRIMINALIDAD
650 _aMEDIO URBANO
650 _aMEDIO RURAL
650 _aCORRELATOS DEL DELITO
650 _aDELINCUENCIA
650 _aALCOHOLISMO
650 _aESTUPEFACIENTES
650 _aCORRIENTES CRIMINOLOGICAS
650 _aCRIMINOLOGÍA ECONÓMICA
650 _aPANORAMA ACTUAL
942 _cBK
_2ddc
999 _c9665
_d9665